000
00310nam a2200133Ia 4500
005
20251222143158.0
008
251222s9999||||xx |||||||||||||| ||spa||
020
_a
3-8228-2175-6
082
_a
724.46/Z68
100
_a
Zerbst, Rainer
245
0
_a
Gaudé, 1852-1926:
264
_b
Taschen Gmbh
942
_c
LIB
999
_c
12974
_d
12974